000 00529nam a22001817a 4500
999 _c10068
_d10068
003 AR-CdUCM
008 190329b ||||| |||| 00| 0 spa d
040 _aMUNICIPALIDAD PROVINCIAL DEL CUSCO
_cBIBLIOTECA MUNICIPAL DEL CUSCO
082 _aEP / 800 /
_bH43
_26ed.
100 _aHernandez, Jose
_92578
245 _aMartin Fierro /
260 _aBuenos Aires ,
_bAtlanta,
_c1957.
300 _a130 páginas ;
_c17 cm.
440 _aBiblioteca Billiken
_9765
650 _aLiteratura.
_983
942 _2ddc
_cLIBROS
945 _awfj